| 000 | 01094naa a2200289 c 4500 | ||
|---|---|---|---|
| 001 | 38141 | ||
| 003 | ES-MaCES | ||
| 005 | 20250207040008.0 | ||
| 008 | 071128n2007 sp t ||0 | spa d | ||
| 035 | _aCES20070006815v | ||
| 040 |
_aES-MaCES _bspa _cES-MaCES |
||
| 100 | 1 |
_aArrieta Idiakez, Francisco Javier _96603 |
|
| 245 | 1 | 3 |
_aLa reforma de 2006 sobre el mercado de trabajo. Principales repercusiones en la contratación temporal _cFrancisco Javier Arrieta Idiakez |
| 500 | _aResumen | ||
| 650 | 4 |
_a2006 _931838 |
|
| 650 | 4 |
_areforma legislativa _929892 |
|
| 650 | 4 |
_alegislación del trabajo _927166 |
|
| 650 | 4 |
_aconsecuencias sociales _927288 |
|
| 650 | 4 |
_acontrato de trabajo de duración determinada _930650 |
|
| 650 | 4 |
_acontrato de trabajo _928316 |
|
| 650 | 4 |
_amercado de trabajo _928292 |
|
| 653 | 1 | 0 | _aRelaciones laborales-Empleo |
| 773 | 0 |
_tActualidad laboral _gn. 15 (1ª quinc. sept. 2007){10002 R. 068907}; p. 1793-1806 _w(ES-MaCES)25022 _929250 |
|
| 902 | _aART Artículo de revista | ||
| 942 |
_2CES _cAR _h2.0. |
||
| 999 |
_c38141 _d38141 |
||